000 00650cam a2200217 4500
001 sa 68013028
003 DLC
005 20260227112618.0
008 691110s1968 ii b 00010 eng
010 _asa 68013028 /MN/r883
025 _aPL480:I-E-9761
050 0 _aML410.T98
_bK8
082 0 _a784/.092/4
_219
100 1 0 _aKrishnaswamy, S. Y.
_q(Sucheendrum Yegnanarayana),
_d1906-
245 1 0 _aThyagaraja: saint and singer
_c[by] S. Y. Krishnaswamy.
260 0 _aBombay,
_bOrient Longmans
_c[1968]
300 _aviii, 200 p.
_c22 cm.
350 _a8.00
504 _aBibliographical footnotes.
600 0 0 _aTyāgarāja,
_cSwami,
_d1767-1847.
999 _c84899
_d84899